Word Ladder: '90s Cartoon Partners Quiz Stats

Quiz Updated Apr 16, 2015

Challenge
Share
Tweet
Embed
Score 0/16 Timer 02:00
0 Plays Today
% Correct
SIT
98%
SIS
97.9%
SET
96.7%
HARD
95.2%
HARK
94.8%
BART
94.3%
BARK
94.3%
HERD
92.7%
% Correct
BOA
91.5%
BURT
86.8%
BET
85%
BOT
84.2%
•BEA•
30.1%
•HEAD•
21.7%
•VIS•
20%
•BUTT•
19.6%

Today's Daily Dose

Missing Word
Jazz Songs 'C'

On This Day
January 18th

You're not logged in!

Compare scores with friends on all Sporcle quizzes.
Sign Up with Email
OR
Log In

You Might Also Like...

Show Comments

Extras

Top Quizzes Today


Score Distribution

Your Account Isn't Verified!

In order to create a playlist on Sporcle, you need to verify the email address you used during registration. Go to your Sporcle Settings to finish the process.